000 00620nam a2200193 i 4500
001 32636
003 ES-MaACL
005 20240429131348.0
007 t|
008 030131s1969 sp ||||1| spa d
100 1 _aBernal, Olga.
_928184
245 1 0 _aLenguaje y ficción en las novelas de Beckett /
_cOlga Bernal ; [traducción Francisco Muñiz].
260 _aBarcelona :
_bLumen,
_c[1969]
300 _a243 p. ;
_c19 cm.
600 1 7 _aBeckett, Samuel,
_d1906-1989-
_xCrítica e interpretación
_2
_9165980
700 1 _aMuñiz, Francisco.
_984262
852 _aES-MaACL
_jC-40238
_bR.73841
999 _c32636
_d32636